|
|
|
|
| LEADER |
00000cam a2200000 7i4500 |
| 001 |
0000000472 |
| 002 |
000000554 |
| 005 |
20010129.0 |
| 020 |
|
|
|a 9838970220
|
| 090 |
0 |
0 |
|a 177
|b MCG
|
| 100 |
1 |
|
|a McGinnis, Alan Loy
|
| 245 |
1 |
0 |
|a Bringing out the best in people :
|b how to enjoy helping others excel
|c Alan Loy McGinnis
|
| 260 |
|
|
|a Minneapolis :
|b Augsburg Publishing ,
|c 1993
|
| 300 |
|
|
|a 191 p. ;
|c 20 cm.
|
| 650 |
0 |
0 |
|a Friendship
|
| 650 |
0 |
0 |
|a Motivation (Psychology)
|
| 650 |
0 |
0 |
|a Success
|
| 999 |
|
|
|a 029252
|b BUKU
|c PINJAMAN
|e PERPUSTAKAAN KOMUNITI PETALING JAYA
|
| 999 |
|
|
|a 029253
|b BUKU
|c PINJAMAN
|e PERPUSTAKAAN KOMUNITI PETALING JAYA
|